01614nam a22001817a 4500003000400000005001700004008004100021082002100062100006200083245004500145250001700190260007500207300005300282490002900335520092800364650007801292700006201370OSt20260327104256.0260327b |||||||| |||| 00| 0 ESP d a13 9788491130765 aPatrick R. Murray, Ken S. Rosenthal y Michael A. Pfaller. aMicrobiología médica (8ª edición) a8VA EDICION  aBarcelona, España.b Elsevier España, S.L.U.c24 de abril de 2017. a 848 páginas.c27,6 cm X 21,6 cmeTapa blanda  3Tapa blanda (Rústica). aSe divide principalmente en cuatro grandes bloques: bacteriología, virología, micología (hongos) y parasitología. Lo que lo hace especial es su enfoque práctico y clínico: Relación Huésped-Parásito: No solo describe al "bicho", sino que explica cómo interactúa con el sistema inmune humano y el papel del microbioma (las bacterias buenas que ya tenemos). Casos Clínicos: Cada sección suele empezar con la historia de un paciente real, lo que ayuda a entender los síntomas y el diagnóstico en un contexto médico, no solo de laboratorio. Diagnóstico y Tratamiento: Detalla las técnicas actuales para identificar patógenos y los fármacos (antibióticos, antivirales) que se usan para combatirlos. Resúmenes Visuales: Utiliza muchas fotos a color, tablas comparativas y cuadros de "conceptos clave" para que los puntos más importantes sean fáciles de memorizar antes de un examen. aMicrobiología médicaxDiagnósticoyInmunología vCasos clínicos aPatrick R. Murray, Ken S. Rosenthal y Michael A. Pfaller.